000 00855nam a2200229Ia 4500
001 16051
003 GE_BSU
008 181216s||||||||xx |||||||||||||| ||und||
040 _cGE_BSU
080 _a821.353.1-312.9
100 _aჯაყელი, ჯემალ
245 _aმზე მობრძანდება, ადამ
245 _bმითოლოგიურ-ფანტასტიკური რომანი
245 _cრედ.ლ.ბეჟანიძე.. მხ.რ.ლომაძე
260 _aბათუმი
260 _bაჭარა
260 _c1990
300 _a245გვ. : პორტ. ; 20სმ.
653 _aმზე მობრძანდება, ადამ
653 _aმითოლოგიურ-ფანტასტიკური რომანი
942 _cBK
999 _c49141
_d49141